| 000 | 00399nam a22001697a 4500 | ||
|---|---|---|---|
| 003 | MPLRDC | ||
| 005 | 20220104175041.0 | ||
| 008 | 210129b ||||| |||| 00| 0 eng d | ||
| 082 | _a524.9461 LAM 1984 | ||
| 100 | _aALAN LAM | ||
| 245 |
_aPANDUAN BIOLOGI SPM _c |
||
| 250 | _a第六版 | ||
| 260 |
_a _bPUSTAKA YAKIN PELAJA _c1984 |
||
| 300 | _b平 | ||
| 650 | _a | ||
| 942 |
_cBK _o524.9461 LAM 1984 |
||
| 999 |
_c60173 _d60163 |
||